| 000 | 01414nam a2200361 a 4500 | ||
|---|---|---|---|
| 003 | AR-BaBNM | ||
| 005 | 20251128203908.0 | ||
| 008 | 082120s2002 ||||||||||||||000 | spa|| | ||
| 040 | _cAR-BaBNM | ||
| 100 | 1 | _aBigge, Morris L. | |
| 245 | 0 | 0 | _aBases psicológicas de la educación |
| 250 | _a1ª ed. | ||
| 260 |
_aMéxico, D.F. _bTrillas _bCentro Regional de Ayuda Técnica. Agencia para el Desarrollo Internacional _c1970 |
||
| 300 |
_a735 p. _btablas, diagr. |
||
| 500 | _aEsta publicación fue preparada conjuntamente por Editorial Trillas y el Centro Regional de Ayuda Técnica, Agencia para el Desarrollo Internacional, Departamento de Estado del Gobierno de los Estados Unidos de América. El Centro es una organización dedicad | ||
| 500 | _aIndice de nombres: p. 723-727 | ||
| 500 | _aIndice de materias: p. 729-736 | ||
| 504 | _aContiene bibliografía al final de cada capítulo | ||
| 650 | 4 | _aPSICOLOGIA DE LA EDUCACION | |
| 650 | 4 | _aROL DEL DOCENTE | |
| 650 | 4 | _aDESARROLLO DE LA PERSONALIDAD | |
| 650 | 4 | _aDESARROLLO AFECTIVO | |
| 650 | 4 | _aDESARROLLO COGNOSCITIVO | |
| 650 | 4 | _aADOLESCENCIA | |
| 650 | 4 | _aTEORIAS DEL APRENDIZAJE | |
| 653 | _aPROCESO DE ENSEÑANZA-APRENDIZAJE | ||
| 700 | 1 | _aHunt, Maurice P. | |
| 700 | 1 |
_aLichtszajn, José _erevisión |
|
| 700 | 1 |
_aSaiz Sáez, Angel _erevisión |
|
| 700 | 1 |
_aBayles, Ernest E. _eprologuista |
|
| 942 | _cBK | ||
| 998 | _cSILVI | ||
| 999 |
_c5373 _d5373 |
||